| 000 | 01097cab a2200265 4500 | ||
|---|---|---|---|
| 001 | ##L131462 | ||
| 008 | 051104n2005 000 0 eng u | ||
| 035 | _a(Sirsi) u131462 | ||
| 041 | 0 | _aeng | |
| 100 | 1 | _aMorris, Huw | |
| 245 | 0 | 0 |
_aSupplement _bplanning for climate change |
| 260 | 3 | _c2005 | |
| 490 | 0 |
_aPlanning (for the Natural and Built Environment) _vNovember 2005, 3-11(9) |
|
| 520 | _aCovers aspects of the impact of climate change: climate change now and in the future; carbon emissions, the politics of climate change, the flood threat, sustainable development, adapting to climate change, assessing measures dealing with climate change, the role of renewable energy, nature conservation and creating environmentally sustainable built areas. | ||
| 590 | _aIKA081105 | ||
| 690 | _aENVIRONMENTAL AND LAND CONSULTANCY-SUSTAINABILITY-SUSTAINABLE DEVELOPMENT | ||
| 700 | 1 | _aKing, David | |
| 700 | 1 | _aLanchberry, John | |
| 700 | 1 | _aDickie, Ian | |
| 700 | 1 | _aWilson, Elizabeth | |
| 700 | 1 | _aMarsh, Simon | |
| 700 | 1 | _aWatts, Olly | |
| 700 | 1 | _aCrawford, Jenny | |
| 942 | _n0 | ||
| 999 |
_c76095 _d76095 |
||